Normal view
MARC view
Entry Topical Term
001 - CONTROL NUMBER
- control field: 28102
003 - CONTROL NUMBER IDENTIFIER
- control field: dpl
005 - DATE AND TIME OF LATEST TRANSACTION
- control field: 20110513153915.0
008 - FIXED-LENGTH DATA ELEMENTS
- fixed length control field: 110513|||a|||||| | ||| d
040 ## - CATALOGING SOURCE
- Original cataloging agency: dpl
- Transcribing agency: dpl
150 ## - HEADING--TOPICAL TERM
- Topical term or geographic name as entry element:
- General subdivision: History and criticism
- Chronological subdivision: 1500-1800
670 ## - SOURCE DATA FOUND
- Source citation: Work cat.: (dpl): 25528 Sharma, Sandhya, Literature, culture and history in Mughal north India, 1550-1800 /, 2011
670 ## - SOURCE DATA FOUND
- Source citation: Work cat.: (dpl): 25528 Sharma, Sandhya, Literature, culture and history in Mughal north India, 1550-1800 /, 2011
